000 00615 a2200205 4500
003 OSt
005 20180116182648.0
008 160526b xxu||||| |||| 00| 0 eng d
020 _a0
040 _c0
082 _a347.42 IBP 1996
100 _aThi Institute of Bankers in Pakistan
245 _aLegal Decisions Affecting Banks
_cThi Institute of Bankers in Pakistan
260 _aKarachi
_bZ.R. Printing Press
_c1996
300 _a119 p.
_bPB
500 _aPaper Cover
600 _aThi Institute of Bankers in Pakistan
700 _aThi Institute of Bankers in Pakistan
942 _aNBS
_cBK
_k347.42 IBP
_2ddc
999 _c343593
_d343593